000 00762cam a2200265 4500
999 _c7658
_d7658
001 7658
003 BD-JhCC
005 20180212183402.0
008 700729s1968 maua b 000 0 eng
035 _a(BD-JhCC)7658
040 _aDLC
_cDLC
_dDLC
_dBD-JhCC
041 _aeng
050 0 0 _aLB1027.5
_b.B67
082 0 0 _a371.42
_bBOY 1968
100 1 _aBoy, Angelo V.
245 1 4 _aThe counselor in the schools: a reconceptualization
_c[by] Angelo V. Boy [and] Gerald J. Pine.
260 _aBoston,
_bHoughton Mifflin
_c[1968]
300 _aviii, 406 p.
_billus.
_c25 cm.
504 _aIncludes bibliographies.
650 0 _aStudent counselors.
650 0 _aRole concept.
700 1 _aPine, Gerald J.,
942 _2ddc
_cBK